| 000 | 00528nam a22001577a 4500 | ||
|---|---|---|---|
| 003 | OSt | ||
| 008 | 260508b |||||||| |||| 00| 0 eng d | ||
| 020 | _a9789355404909 | ||
| 082 |
_a631.53 _bY12V |
||
| 100 | _aYadav, Rajendra Kumar | ||
| 245 | _aVarietal Development And Maintenance Breeding/by Rajendra Kumar Yadav | ||
| 260 |
_aLudhiana : _bKalyani Publishers ; _c2023. |
||
| 300 | _a(1.3 - 5.80) p. | ||
| 650 | _aAgriculture and related technologies | Technology (Applied sciences) | Plant propagation | ||
| 942 |
_2ddc _cBK |
||
| 999 |
_c50524 _d50524 |
||